<?xml version="1.0" encoding="UTF-8"?>
<record
    xmlns:xsi="http://www.w3.org/2001/XMLSchema-instance"
    xsi:schemaLocation="http://www.loc.gov/MARC21/slim http://www.loc.gov/standards/marcxml/schema/MARC21slim.xsd"
    xmlns="http://www.loc.gov/MARC21/slim">

  <leader>00932nam a2200241 i 4500</leader>
  <controlfield tag="001">67484</controlfield>
  <controlfield tag="003">ES-MaACL</controlfield>
  <controlfield tag="005">20231227184714.0</controlfield>
  <controlfield tag="007">t|</controlfield>
  <controlfield tag="008">040601s2003    sp           ||||0| spa d</controlfield>
  <datafield tag="040" ind1=" " ind2=" ">
    <subfield code="a">M-BN </subfield>
    <subfield code="b">spa </subfield>
    <subfield code="c">M-BN</subfield>
  </datafield>
  <datafield tag="080" ind1=" " ind2=" ">
    <subfield code="a">929 Garc&#xED;a Mart&#xED;, Victoriano</subfield>
  </datafield>
  <datafield tag="080" ind1=" " ind2=" ">
    <subfield code="a">94(460.111 Pobra)</subfield>
  </datafield>
  <datafield tag="100" ind1="1" ind2=" ">
    <subfield code="a">Casanova Fern&#xE1;ndez, Fernando.</subfield>
    <subfield code="9">36113</subfield>
  </datafield>
  <datafield tag="245" ind1="1" ind2="0">
    <subfield code="a">Victoriano Garc&#xED;a Mart&#xED;, paisajes literarios de una vida / </subfield>
    <subfield code="c">Fernando Casanova Fern&#xE1;ndez.</subfield>
  </datafield>
  <datafield tag="260" ind1=" " ind2=" ">
    <subfield code="a">[Pobra do Carami&#xF1;al] : </subfield>
    <subfield code="b">Concello da Pobra do Carami&#xF1;al ; </subfield>
    <subfield code="a">[Padr&#xF3;n] : </subfield>
    <subfield code="b">Fundaci&#xF3;n Ruta Xacobea do Mar de Arousa e Ulla, </subfield>
    <subfield code="c">[2003]</subfield>
  </datafield>
  <datafield tag="300" ind1=" " ind2=" ">
    <subfield code="a">[53] p. : </subfield>
    <subfield code="b">il. col. ; </subfield>
    <subfield code="c">23 cm.</subfield>
  </datafield>
  <datafield tag="600" ind1="1" ind2="4">
    <subfield code="a">Garc&#xED;a Mart&#xED;, Victoriano,</subfield>
    <subfield code="d">1881-1966</subfield>
    <subfield code="9">54896</subfield>
  </datafield>
  <datafield tag="651" ind1=" " ind2="4">
    <subfield code="a">A Pobra do Carami&#xF1;al-</subfield>
    <subfield code="x">Historia.</subfield>
    <subfield code="9">7587</subfield>
  </datafield>
  <datafield tag="710" ind1="2" ind2=" ">
    <subfield code="a">Fundaci&#xF3;n Ruta Xacobea do Mar de Arousa e Ulla.</subfield>
    <subfield code="9">4409</subfield>
  </datafield>
  <datafield tag="852" ind1=" " ind2=" ">
    <subfield code="a">ES-MaACL</subfield>
    <subfield code="j">L-27768 </subfield>
    <subfield code="b">R.133360</subfield>
  </datafield>
  <datafield tag="999" ind1=" " ind2=" ">
    <subfield code="c">67484</subfield>
    <subfield code="d">67484</subfield>
  </datafield>
  <datafield tag="952" ind1=" " ind2=" ">
    <subfield code="0">0</subfield>
    <subfield code="1">0</subfield>
    <subfield code="4">0</subfield>
    <subfield code="7">0</subfield>
    <subfield code="a">ATENEOM</subfield>
    <subfield code="b">ATENEOM</subfield>
    <subfield code="c">DEPO2</subfield>
    <subfield code="d">2008-01-17</subfield>
    <subfield code="e">SC</subfield>
    <subfield code="l">0</subfield>
    <subfield code="o">L-27768</subfield>
    <subfield code="p">1070665</subfield>
    <subfield code="r">2023-02-23 00:00:00</subfield>
    <subfield code="w">2023-02-23</subfield>
    <subfield code="y">MONOGRAFIA</subfield>
  </datafield>
</record>
